[Event "Helsingor Xtracon op"]
[Site "Helsingor"]
[Date "2016.07.29"]
[Round "8"]
[White "Jacobsen, Harald Kittel Lytom"]
[Black "Opseth, Erik"]
[Result "0-1"]
[WhiteElo "1343"]
[BlackElo "1064"]
[PlyCount "52"]
[EventDate "2016.07.23"]
[EventType "swiss"]
[EventRounds "10"]
[EventCountry "DEN"]
[SourceTitle "CBM 173 Extra"]
[Source "ChessBase"]
[SourceDate "2016.08.29"]
[SourceVersion "1"]
[SourceVersionDate "2016.08.29"]
[SourceQuality "1"]

1. e4 e5 2. Nf3 Nc6 3. Bc4 d6 4. h3 Be7 5. d4 exd4 6. Nxd4 Nxd4 7. Qxd4 Nf6 8. Bg5 c5 9. Qd1 Nxe4 10. Bxe7 Qc7 11. Bh4 0-0 12. Ba6 Qa5+ 13. Nd2 bxa6 14. c3 Bb7 15. Qg4 Nxd2 16. Bf6 g6 17. Qf4 Ne4 18. Bh4 Rfe8 19. 0-0 c4 20. f3 Nc5 21. Bf6 Nd7 22. b4 Qb6+ 23. Bd4 Qb5 24. Qh6 Ne5 25. f4 Qd5 26. fxe5 Qxg2# 0-1

[Event "Helsingor Xtracon op"]
[Site "Helsingor"]
[Date "2016.07.25"]
[Round "4"]
[White "Jacobsen, Harald Kittel Lytom"]
[Black "Vinther, Christoffer"]
[Result "0-1"]
[WhiteElo "1343"]
[BlackElo "1509"]
[PlyCount "50"]
[EventDate "2016.07.23"]
[EventType "swiss"]
[EventRounds "10"]
[EventCountry "DEN"]
[SourceTitle "CBM 173 Extra"]
[Source "ChessBase"]
[SourceDate "2016.08.29"]
[SourceVersion "1"]
[SourceVersionDate "2016.08.29"]
[SourceQuality "1"]

1. e4 c5 2. Nc3 Nc6 3. Nf3 d6 4. d4 Bg4 5. Be2 Bxf3 6. Bxf3 Nxd4 7. Bg4 Nf6 8. Bh3 e5 9. Qd3 a6 10. Bg5 Be7 11. Bxf6 Bxf6 12. Nd5 0-0 13. Bf5 g6 14. Nxf6+ Qxf6 15. Bd7 Rad8 16. Qh3 Nxc2+ 17. Kf1 Nxa1 18. g3 Nc2 19. Qg4 Ne3+ 20. Kg1 Nxg4 21. Bxg4 d5 22. exd5 Rxd5 23. Bf3 Qxf3 24. h3 Rd1+ 25. Kh2 Rxh1# 0-1

[Event "Helsingor Xtracon op"]
[Site "Helsingor"]
[Date "2016.07.23"]
[Round "1"]
[White "Svensson, Lars Ake"]
[Black "Jacobsen, Harald Kittel Lytom"]
[Result "1-0"]
[WhiteElo "1972"]
[BlackElo "1343"]
[PlyCount "90"]
[EventDate "2016.07.23"]
[EventType "swiss"]
[EventRounds "10"]
[EventCountry "DEN"]
[SourceTitle "CBM 173 Extra"]
[Source "ChessBase"]
[SourceDate "2016.08.29"]
[SourceVersion "1"]
[SourceVersionDate "2016.08.29"]
[SourceQuality "1"]

1. e4 e5 2. Nf3 Nc6 3. Bb5 Nf6 4. d3 Bb4+ 5. c3 Bc5 6. h3 a6 7. Ba4 b5 8. Bc2 d5 9. Nbd2 dxe4 10. dxe4 Bb7 11. Qe2 Nh5 12. g3 0-0 13. Nf1 Qf6 14. Ne3 Bxe3 15. Bxe3 Ne7 16. Bg5 Qb6 17. Bxe7 Rfe8 18. Bg5 b4 19. c4 Qc6 20. Nd2 f5 21. Qxh5 fxe4 22. Bxe4 Qb6 23. Be3 c5 24. Qxh7+ Kf8 25. Bxb7 Qxb7 26. Qe4 Qf7 27. Bxc5+ Kg8 28. Qd5 Qxd5 29. cxd5 Rad8 30. d6 a5 31. Ne4 Kf7 32. Ke2 Ke6 33. Rhd1 Kf5 34. Ke3 Rb8 35. d7 Red8 36. Be7 Rxd7 37. Rxd7 a4 38. Rad1 a3 39. b3 Kg6 40. R1d6+ Kf7 41. Bg5+ Ke8 42. Re7+ Kf8 43. Rdd7 Rb5 44. Rf7+ Kg8 45. Rxg7+ Kh8 1-0